000 00560nam a2200181 4500
003 OSt
005 20240618111917.0
008 240618b |||||||| |||| 00| 0 eng d
040 _aDDC
_cMUST
082 _222
_a519.5 WIL 2001
100 _aWilliams David
_917438
245 _aWeighing the odds/
_bA course in probability and statistics
_cDavid Williams
260 _aUnited Kingdom
_bCambridge University Press
_cc2001
300 _axvii,547p.:
_bill;
_c25cm
504 _aincludes bibliography and indexes
650 _aStatistics
_91274
942 _2ddc
_cO_SHELF
999 _c8606
_d8606